[Event "Santa Fe Rafaela U2200 op"]
[Site "Santa Fe"]
[Date "2018.09.15"]
[Round "3.4"]
[White "Canelo, Jose Luis"]
[Black "Delgado, Mariano"]
[Result "1-0"]
[WhiteElo "1933"]
[BlackElo "1508"]
[PlyCount "55"]
[EventDate "2018.09.14"]
[EventType "swiss"]
[EventRounds "7"]
[EventCountry "ARG"]
[SourceTitle "EXT 2024"]
[Source "ChessBase"]
[SourceDate "2023.10.10"]
[SourceVersion "1"]
[SourceVersionDate "2023.10.10"]
[SourceQuality "1"]

1. e4 d5 2. exd5 Qxd5 3. Nc3 Qa5 4. b4 Qxb4 5. Rb1 Qd6 6. Bc4 Nf6 7. Nf3 c6 8. 0-0 e6 9. Rb3 Qc7 10. Qe2 Be7 11. d4 0-0 12. Ne5 Nbd7 13. Bf4 Nxe5 14. Bxe5 Qd8 15. Ne4 Nxe4 16. Qxe4 Bf6 17. Rh3 g6 18. f4 Bg7 19. Bxg7 Kxg7 20. Qe5+ Kg8 21. Rff3 b5 22. Bb3 Qe7 23. c3 f6 24. Qe4 Kg7 25. f5 Bb7 26. Qh4 Rh8 27. Qh6+ Kf7 28. Bxe6+ 1-0